00419cam a22001217a 4500008004000000082001400040100004000054245010800094260004800202300000900250650001600259650002200275180718b1944 xxu||||| |||| 00| 0 eng d aPx54 An81 aAnsari, Muhammad Fazl - ur - Rahman aThe present crisis on islam and our future educational programmecby Muhammad Fazl - ur - Rahman Ansari aAligarhbAligarh Books and Newspapersc1944 a77p. aMchammedans aEducation - India